| 000 | 00893nas a2200301 4500 | ||
|---|---|---|---|
| 001 | BR0500319 | ||
| 003 | BR-BrBNA | ||
| 005 | 20231205105116.0 | ||
| 007 | ta | ||
| 008 | 230509b bl.|||p| |||| 00| 00por d | ||
| 040 |
_aBR-BrBNA _bpor _cBiblioteca Nacional de Agricultura |
||
| 041 | _a(Pt) | ||
| 072 | _aF01 | ||
| 100 | 1 | _aBotelho, R.V. | |
| 100 | 1 | _aPires, E.J.P. | |
| 100 | 1 | _aTerra, M.M. | |
| 100 | 1 | _aMercer, R.M. | |
| 100 | 1 | _aKerniski, S. | |
| 245 | 1 | _aEfeitos do paclobutrazol na fertilidade de gemas e no crescimento dos ramos de videiras cv Rubi | |
| 650 | _aUVA | ||
| 650 | _aREGULADOR DE CRESCIMENTO | ||
| 650 | _aFISIOLOGIA VEGETAL | ||
| 650 | _aGEMA | ||
| 650 | _aRAMO | ||
| 773 | 0 |
_tRevista Brasileira de Fruticultura (Brazil) _xISSN 0100-2945 _g(Aug 2004), v. 26(2) p. 346-347 _wBR0500319 |
|
| 909 |
_a202311 _bLúcia _c55 _dLúcia Elande |
||
| 942 |
_2AGRIS _n0 _cANA |
||
| 999 |
_c181281 _d181281 |
||